[Event "SUI-chT"]
[Site "Switzerland"]
[Date "2005.02.27"]
[Round "1.1"]
[White "Dautov, Rustem"]
[Black "Kortschnoj, Viktor Lvovich"]
[Result "1/2-1/2"]
[WhiteElo "2614"]
[BlackElo "2617"]
[Annotator "Dautov,R"]
[PlyCount "62"]
[EventDate "2005.02.27"]
[EventType "team-tourn"]
[EventRounds "9"]
[EventCountry "SUI"]
[SourceTitle "CBM 105"]
[Source "ChessBase"]
[SourceDate "2005.04.11"]
[SourceVersion "1"]
[SourceVersionDate "2005.04.11"]
[SourceQuality "1"]
[WhiteTeam "Luzern"]
[BlackTeam "Zuerich"]
[WhiteTeamCountry "SUI"]
[BlackTeamCountry "SUI"]

1. d4 Nf6 2. c4 e6 3. Nf3 b6 4. g3 Bb7 5. Bg2 Be7 6. O-O O-O 7. Re1 a5 $5 $146
{Eine interessante Neuerung bereits im 8. Zug! Schwarz bereitet die
Entwicklung Bb8-a6 vor und wartet auf 8.Nc3, um 8...Ne4 fortzusetzen.} (7... d5
8. cxd5 exd5 9. Nc3 {ist die meistgespielte Fortsetzung.}) (7... d6 $6 {
ist nicht zu empfehlen wegen} 8. d5 $1 exd5 9. Nh4 c6 10. cxd5 Nxd5 11. Nf5 $36
) (7... Qc8 {ist ein bekannter Wartezug, der m.E. nicht mehr leistet als 7...
a5.} 8. Nc3 (8. Qc2 Be4 (8... c5) 9. Qb3 c5 (9... Nc6 10. Nbd2 d5 11. Rd1 $13)
10. Nc3 (10. Nbd2 Bb7 11. e4 cxd4 12. Nxd4 d6 $10) 10... Bxf3 11. Bxf3 Nc6 12.
d5 Nd4 13. Qd1 Nxf3+ 14. exf3 h6 (14... Re8 $142) 15. f4 $14 {Tolush,A-Simagin,
V/Parnu 1947}) (8. Bg5 h6 9. Bxf6 Bxf6 10. e4 d6 11. Nc3 Nd7 12. Rc1 c5 13. Nb5
Be7 14. d5 e5 15. h4 a6 16. Na3 Nf6 $11 {Piket,J-Salov,V/Wijk aan Zee 1993})
8... Ne4 9. Nxe4 Bxe4 10. d5 Qb7 11. Nh4 Bxg2 12. Nxg2 d6 13. dxe6 fxe6 14. Nf4
Qc8 15. Qa4 c6 $11 {Papaioannou,I-Stefansson,H/Leon 2001}) 8. Nc3 (8. d5 $6 {
funktioniert hier nicht:} exd5 9. Nh4 Bb4 10. Rf1 (10. Bd2 Bc5 11. Nc3 Ne4 $1
$15) 10... c6 11. cxd5 Nxd5 12. e4 Ne7 $15) (8. Bg5 d6 $5 {Kortschnoj} (8... h6
9. Bxf6 Bxf6 10. e4 d6 11. Nc3) (8... Ne4 9. Bxe7 Qxe7 10. Nfd2 Nxd2 11. Bxb7
Ra7 12. Qxd2 Rxb7 13. Nc3 d6 14. e4 $14) 9. Nc3 Ne4 10. Bxe7 Qxe7 11. Qc2 Nxc3
12. Qxc3 f5 $11) 8... Ne4 9. Nxe4 (9. Bd2 f5 $11) ({Die Folgen von 9.Nd2!?
waren mir zu unklar:} 9. Nd2 $5 Nxc3 10. bxc3 Bxg2 11. Kxg2 f5 $1 (11... Nc6
12. e4 {/\Nf1}) 12. e4 fxe4 13. Nxe4 Qe8 14. Qg4 Qf7 15. Be3 Nc6 $11) 9... Bxe4
10. d5 {Ich beschloß, nach diesem typischen raumgreifenden Muster zu verfahren,
weil der Zug 7.Re1 gut dazu paßt.} Na6 (10... exd5 11. cxd5 c6 12. d6 Bf6 13.
Nd2 Bxg2 14. Kxg2 Re8 15. e4 $14) 11. Nd4 Bxg2 12. Kxg2 Bb4 $1 {Der Abtausch
der Läufer ist der beste Weg zum Ausgleich.} (12... c6 $5 {Kortschnoj} 13. dxe6
(13. dxc6 Rc8 14. Qa4 (14. cxd7 Qxd7 $44) 14... Nc5 15. Qb5 Bf6 $11) (13. e4 $5
) 13... fxe6 14. e4 Nc5 15. e5 $14) 13. Bd2 ({Nach} 13. Rf1 Re8 14. e4 exd5 15.
exd5 Qf6 {hat Schwarz die bessere Entwicklung und aktive Figuren:} 16. Be3 (16.
Qg4 c6 $132) 16... Re4 $11) 13... e5 $1 {Der weiße Raumvorteil spielt keine
Rolle, da fast alle Leichtfiguren abgetauscht sind. Mit dem Textzug öffnet
sich Schwarz die Möglichkeit, auf dem Königsflügel aktiv zu werden.} 14. Bxb4 (
14. Nb5 $6 c6) (14. Nf5 g6 15. Nh6+ Kg7 16. Ng4 Bxd2 17. Qxd2 d6 $11) 14...
Nxb4 {Sicherer war das Schlagen mit dem Bauern, was eine ausgeglichene
Stellung ergab.} (14... axb4 15. Nc2 Qe7 (15... c5 $5 {Kortschnoi} 16. a3 bxa3
17. Rxa3 Nc7 18. Qd3 Rxa3 19. Qxa3 (19. bxa3 Ne8 20. Rb1 Nd6 $11) 19... f5 20.
b4 Qe7 $11) 16. d6 $5 (16. e4 f5 17. d6 Qf6 18. Qd5+ Kh8 $36) 16... Qe6 $1 (
16... cxd6 17. Qd2 Qe6 18. Ne3 $44) 17. dxc7 Qxc4 18. Qxd7 Nxc7 $11) 15. Nb5 c6
16. Nc3 (16. Nd6 $2 Qf6 17. Ne4 Qg6 $17) 16... f5 17. Qd2 Qf6 18. Rad1 {
Mit der klaren Absicht einer Invasion auf der d-Linie.} e4 (18... Rae8 19. a3
Na6 20. Na4 Rb8 (20... c5 21. d6 $1 {/\Qd5-b7}) 21. dxc6 dxc6 22. Qd6 b5 23.
cxb5 cxb5 24. Nc3 $14) 19. a3 Na6 20. dxc6 $6 {Vielversprechender war die
Öffnung einer zweiten Linie mit 20.f3!, mit dem Textzug erreicht Weiß nichts.}
(20. Na4 $5 Rab8 21. dxc6 dxc6 22. Qd6 b5 23. cxb5 cxb5 24. Nc3 b4 25. Qxf6
Rxf6 26. Nd5 Rf7 $11) (20. f3 $1 exf3+ (20... Nc5 21. fxe4 Nxe4 22. Nxe4 fxe4
23. Qd4 $14) 21. exf3 Nc5 22. dxc6 dxc6 23. Qd6 Rad8 24. Qxf6 gxf6 $14 {
Dieses etwas schlechtere Endspiel sollte für Schwarz haltbar sein.}) 20... dxc6
21. Qd6 (21. Qe3 Nc5 22. b4 axb4 23. axb4 Ne6 (23... Ra3 $2 24. Nd5) 24. Rd6
Rfd8 25. Red1 Rxd6 26. Rxd6 Rd8 $11) 21... Nc5 22. Qxf6 Rxf6 23. b4 axb4 24.
axb4 Ne6 (24... Nb3 $6 25. Rd7 Ra3 26. Red1 $14) 25. Rd7 (25. b5 Ra3 26. Nb1
Ra4 27. bxc6 Rxc4 28. Rc1 Rxc1 29. Rxc1 Nc5 30. Nc3 Rxc6 31. Nd5 Kf7 32. Nxb6
$11) (25. Ra1 Rff8 26. b5 cxb5 27. cxb5 Rxa1 28. Rxa1 Rc8 29. Nd5 Rc5 $11)
25... Ra3 26. Rc1 Rf7 (26... Rb3 27. b5 cxb5 28. Nxb5 Rb4 $11) 27. Rd6 Rf6 28.
Rd7 ({Nach} 28. Kg1 Nc7 29. Rxf6 gxf6 $11 {steht Schwarz dank seines aktiven
Turms zumindest nicht schlechter.}) 28... Rf7 29. Rd6 Rf6 30. Rd7 Rf7 31. Rd6
Rf6 1/2-1/2

[Event "Horgen CS"]
[Site "Horgen"]
[Date "1994.??.??"]
[Round "9"]
[White "Jussupow, Artur"]
[Black "Kortschnoj, Viktor Lvovich"]
[Result "1-0"]
[WhiteElo "2655"]
[BlackElo "2615"]
[Annotator "Jussupow,A"]
[PlyCount "101"]
[EventDate "1994.09.??"]
[EventType "tourn"]
[EventRounds "11"]
[EventCountry "SUI"]
[EventCategory "16"]
[SourceTitle "CBM 043"]
[Source "ChessBase"]
[SourceDate "1994.12.01"]
[SourceVersion "1"]
[SourceVersionDate "1994.12.01"]
[SourceQuality "1"]

1. d4 {Ernst Hansen,Cu} Nf6 2. c4 g6 3. Nc3 d5 4. Bf4 Bg7 5. Rc1 O-O (5... Nh5
$5 {Hansen,Cu}) 6. Nf3 dxc4 7. e4 c5 8. dxc5 Qa5 (8... Qxd1+ {Hansen,Cu} 9.
Rxd1 Na6 10. c6 (10. Bxc4 Nxc5 11. e5 Nfd7 12. Nd5 e6 13. Nc7 Rb8 14. Be3 a6
15. b4 b5 16. Be2 Rb7 17. Nxb5 {1/2-1/2 Bukic,E-Uhlmann,W/Zinnowitz/1967/})
10... bxc6 11. Bxc4 Nc5 12. Nd4 Bb7 13. f3 Nfxe4 14. fxe4 e5 $10 {Nei,I-Keres,
P/Tallinn/1971/}) (8... Na6 {Hansen,Cu} 9. Bxc4 (9. Qxd8 Rxd8 10. e5 (10. c6
bxc6 11. Bxc4 Nc5 12. Ne5 Be6 13. Bxe6 Nxe6 14. Be3 Nxe4 15. Nxc6 Bxc3+ 16.
bxc3 Rd7 17. f3 $10 {Van Wely,L-Malisauskas,V/Novy Smokovec/1992/}) 10... Ne8
11. Be3 Be6 12. Ng5 Nec7 13. f4 Bh6 14. Nxe6 Nxe6 15. g3 Naxc5 16. Bxc4 a6 $10
{Ftacnik,L-Malisauskas,V/Biel izt/1993/}) (9. e5 Nd7 10. Bxc4 Ndxc5 11. O-O Be6
12. Bxe6 Nxe6 13. Be3 $14 {Van Wely,L-Hellers,F/Skei/1993/}) 9... Nxc5 10. e5 (
10. Qe2 Be6 11. O-O Bxc4 12. Qxc4 Nd3 13. Bc7 Rc8 $17 {Martz,W-Larsen,B/USA/
1970/}) (10. Qxd8 Rxd8 11. e5 Nh5 12. Be3 Be6 13. Bxe6 Nd3+ 14. Kf1 fxe6 15.
Rc2 Rac8 16. g3 b5 17. Re2 b4 18. Ne4 {1/2-1/2 Rogozenko,D-Tukmakov,V/Nikolaev
zt/1993/}) 10... Nfd7 11. O-O (11. Qd4 Ne6 12. Bxe6 fxe6 13. Bg3 Nb6 14. Qh4
Bd7 15. O-O Rc8 16. Rfd1 $14 {Bronstein,D-Hort,V/Moskva-Praha/1968/}) 11... Nb6
12. Qe2 Be6 $10 {Reshevsky,S-Hort,V/Los Angeles m/1968/}) 9. e5 (9. Nd2 {
Hansen,Cu} Be6 10. Bxc4 Bxc4 11. Nxc4 Qxc5 12. Nd2 (12. Qe2 Nc6 13. Be3 Nd4 14.
Bxd4 Qxd4 15. O-O Rac8 $10 {Endzelins,L-Zagorovsky,V/corr-Wch5/1965/}) 12...
Nc6 $10 {Portisch,L-Deak,S/HUN-chT/1993/}) 9... Nh5 $5 $146 (9... Nfd7 {
Hansen,Cu} 10. Bxc4 Nxc5 (10... Nc6 11. e6 fxe6 12. Be3 Nde5 13. Nxe5 Nxe5 14.
Bb3 Rd8 {0-1/Kapetanovic,A-Nestorovic,D/Beograd I/1990/}) 11. O-O Nc6 12. Nd5
Ne6 13. Bd2 Qd8 14. Re1 $16 {Kapetanovic,A-Ristic,N/Cetinje tt/1991/}) (9...
Rd8 {Hansen,Cu} 10. Bd2 Ng4 11. Bxc4 (11. Ne4 Qc7 12. Bxc4 Nxe5 13. Nxe5 Qxe5
14. Qe2 Bf5 15. Ng5 Qxe2+ 16. Kxe2 e6 17. Bc3 $10 {Klee,H-Bauer,M/2.BLS/1993/})
11... Nc6 (11... Qxc5 12. Ne4 Qb6 13. Bxf7+ Kxf7 14. Rxc8 Rxc8 15. Nfg5+ Kg8
16. Qxg4 Qc6 17. Nd6 Qd7 18. Qh4 (18. Qxd7 Nxd7 19. Nxc8 Rxc8 20. f4 Rc2 21.
Ke2 Bh6 22. Nf3 Rxb2 23. g3 g5 {0,5/Petrosian,T-Benko,P/Curacao ct/1962/})
18... h6 (18... exd6 19. Qxh7+ Kf8 20. Qxg6 Kg8 21. Qh7+ Kf8 22. Qg6 Kg8 23.
O-O Rc5 24. f4 Nc6 25. f5 Rxe5 26. Qh7+ {1-0/Borisenko,G-Tukmakov,V/USSR/1971/}
) 19. Nxc8 hxg5 20. Qc4+ e6 21. Nd6 Bxe5 22. Ne4 $16 {Dzindzihashvili,R-Gutman,
L/USSR/1972/}) 12. Nb5 Rxd2 13. Qxd2 Qxd2+ 14. Nxd2 Ngxe5 15. O-O Bf5 16. Rcd1
(16. Na3 Nd3 17. Bxd3 Bxd3 18. Nac4 Bxf1 19. Kxf1 Nb4 $15 {Kraidman,Y-Dvoirys,
S/Gausdal Peer Gynt/1991/}) 16... Bc2 17. Rc1 Bf5 18. Rcd1 Bc2 {0,5/Van Wely,
L-Khalifman,A/Ter Apel/1993/}) 10. Be3 (10. Bd2 Qxc5 11. Ne4 (11. Na4 Qc7 (
11... Qd5 12. Bxc4 Qe4+ $13) 12. Bxc4 (12. Rxc4 $140 Nc6 13. g4 b5) 12... Nc6)
11... Qd5) 10... Nc6 (10... Bg4 11. h3 Bxf3 (11... Rd8 $2 12. Qxd8+ Qxd8 13.
hxg4 $16) 12. Qxf3 Nd7 13. e6 $14) 11. Nd2 (11. Bxc4 Bg4 $1 12. h3 (12. e6 fxe6
13. Be2 Rad8 14. Qb3 Nf4 $13) (12. Be2 {Hansen,Cu} Bxf3 13. Bxf3 Nxe5 14. Be2
Rad8 15. Qc2 $14 {Roos,D-Reeve,J/Canada zt/1986/}) 12... Rad8 $13 (12... Bxf3
13. Qxf3 Nxe5 $10)) 11... Nxe5 (11... Rd8 $5 12. g4 (12. f4 $6 Bh6 $1 13. Qf3
Be6 $5 (13... Nd4 14. Qf2 Nf5 15. g3 $16) 14. g4 $140 Nxf4 15. Bxf4 Nxe5 $1 16.
Qg3 Rd3) (12. Bxc4 $6 Nxe5 13. Qe2 Bf5 (13... Be6)) 12... Nxe5 13. gxh5 Bg4 14.
Be2 (14. Qc2 $2 Rxd2 $19) 14... Nd3+ 15. Kf1 Bh3+ 16. Kg1 Nxc1 (16... Nxb2 17.
Qc2 $16) 17. Qxc1 $14) 12. Nxc4 Qd8 $6 (12... Nxc4 13. Bxc4 Nf6 14. O-O Ng4 15.
Bg5 (15. Bf4) 15... Qxc5 16. Nd5 $36) (12... Qc7 $142 $1 $13 13. Nd5 $140 Qd8
14. Bg5 Nf6 15. Bxf6 exf6 16. Nd6 b6 $36) 13. Be2 Nxc4 (13... Qxd1+ 14. Rxd1
Be6 15. Nxe5 Bxe5 16. Bf3 Rab8 17. Bd4 $14) (13... Be6 14. Nxe5 Qxd1+ {-13...
Qd1}) 14. Bxc4 $14 Nf6 (14... Qxd1+ $5 15. Rxd1 (15. Kxd1 {Hansen,Cu} Nf6 $13)
15... Bxc3+ 16. bxc3 Bf5 $14 (16... Nf6 $13)) 15. O-O (15. h3) 15... Qc7 (15...
Ng4 16. Bf4 {/\Nd5+/-}) 16. h3 $16 Bd7 17. b4 Rad8 18. Qb3 a6 19. a4 (19. Rfd1
$5 $16) 19... Bf5 20. Rfd1 e6 21. b5 axb5 22. Nxb5 (22. axb5 $142 {/\23.c6 bc
24.b6}) 22... Qc6 (22... Qe7 23. Nd6 (23. Bf4 $6 Rxd1+ 24. Rxd1 Qxc5) 23... Be4
24. Bg5 Bc6 25. Re1 $16) 23. Nd6 Ne4 $6 (23... Be4 24. Bxe6 fxe6 25. Qxe6+ Kh8
26. Nf7+ Rxf7 27. Rxd8+ Rf8 28. Rxf8+ Bxf8 29. Qf7 Bg7 30. Rd1 (30. Bd4 $5)
30... Bd5 31. Qe7 Ng8 32. Qg5 $16) 24. Bb5 (24. Qxb7 $4 {Hansen,Cu} Rxd6 $19)
24... Qc7 25. g4 $18 b6 $1 26. cxb6 (26. gxf5 Nxc5 27. Bxc5 bxc5 28. Qg3 $1 $18
(28. Ne4 $18 {Hansen,Cu} gxf5 $16 {Ernst})) 26... Qe7 27. Nxe4 Bxe4 28. Bc6
Rxd1+ 29. Qxd1 Rd8 30. Qb3 (30. Qxd8+ $5 Qxd8 31. Bxe4 Be5 32. a5 $16) 30...
Bxc6 31. Rxc6 Be5 32. Qc2 $2 $138 (32. b7 $18) (32. a5 $5 {Hansen,Cu}) 32...
Kg7 33. Qe4 (33. a5 {Hansen,Cu} Qh4 (33... Qa3 34. Rc5 $18) 34. Kg2 h5 35. Qe4
$18) 33... Rd5 34. Rc1 Qa3 $138 35. b7 Bb8 36. Bd4+ f6 37. Be3 Kf7 $2 (37...
Qd6 $1 $16) (37... Qe7 {Hansen,Cu} 38. Rb1 $18) 38. Rc6 $1 Re5 (38... Qe7 {
Hansen,Cu} 39. Kg2 $16) 39. Qd4 Rd5 40. Qe4 Re5 41. Qc4 Rxe3 (41... Qe7 42. Qb3
$18 (42. Rb6 $18 {Hansen,Cu}) (42. Bf4 $4 Re1+ 43. Kg2 Bxf4 44. Qxf4 Qxb7 $10))
42. Rc7+ (42. fxe3 {Ernst} Qxe3+ 43. Kf1 Ba7 (43... Qf3+ 44. Ke1 Bg3+ 45. Kd2
$18) 44. Rc7+ Kg8 45. Rc8+ Kg7 46. Qc7+ Kh6 47. Qc1 $18) 42... Kg8 (42... Kf8
43. Rc8+ Kf7 44. Qc7+ $18) 43. Rc8+ Kg7 44. Rxb8 Rg3+ (44... Rb3 {Ernst} 45.
Qxe6 $18) (44... Rxh3 {Ernst} 45. Rg8+ Kxg8 46. b8=Q+ Kg7 47. Qb7+ Kh6 48. Qf4+
$18) 45. fxg3 Qxg3+ 46. Kf1 Qxb8 (46... Qxh3+ 47. Ke2 Qh2+ 48. Kd3 Qxb8 49. Qc8
Qg3+ 50. Kc4 Qxg4+ 51. Kc5 Qg1+ 52. Kd6 Qb6+ 53. Ke7 Qb4+ 54. Ke8 Qf8+ 55. Kd7
$18) 47. Qb4 (47. Qc8) 47... f5 (47... e5 48. a5 e4 49. Qxe4 $18) 48. g5 $18
Kf7 49. a5 f4 50. a6 (50. Qb3 $18) 50... f3 51. a7 (51. a7 Qg3 52. Qf8+ Kxf8
53. b8=Q+ $18) 1-0